| 000 | 00831nam a22002777a 4500 | ||
|---|---|---|---|
| 001 | 0059238 | ||
| 003 | KOHA_MİRAKIL | ||
| 005 | 20260207004222.0 | ||
| 007 | ta | ||
| 008 | 160815b1972 tu |||gr||||#||||1|tur | | ||
| 040 |
_aTR-BiSEU _btur _cTR-BiSEU _erda |
||
| 041 | 0 | _atur | |
| 044 | _ctu | ||
| 050 |
_aPL189 _b.O39 1972 |
||
| 245 | 0 |
_aOkyanus : _bansiklopedik sözlük/ _cHazırlayan Pars Tuğlacı. |
|
| 264 | 1 |
_aİstanbul : _bPars Yayınları _c1972 |
|
| 300 | _a cm.6 c.: resimli; 27 cm. | ||
| 336 |
_ametin _btxt _2rdacontent |
||
| 337 |
_aaracısız _bn _2rdamedia |
||
| 338 |
_acilt _bnc _2rdacarrier |
||
| 490 | 1 |
_aSözlük Dizisi ; _v8. |
|
| 650 | 0 |
_aTurkish language--Dictionaries. _915524 |
|
| 650 | 0 |
_aEncyclopedias and dictionaries, Turkish. _915966 |
|
| 830 | 1 |
_aSözlük Dizisi ; _v8. _922781 |
|
| 942 |
_2lcc _cBK |
||
| 999 |
_c59043 _d59043 |
||